00393nam a2200169Ia 4500003000400000005001700004008004100021020001400062040000700076041000800083082002400091100001800115245001600133260004500149300001600194365001300210OSt20230516114315.0210423s2010 xx 000 0 und d a198064438 cAL aeng a574.1925223b DEVT aDEVASENA (T). aEnzymology. aNew DelhibOxford University Pressc2010 axvi,492bPB b295cINR